Estudios de tipología de la vivienda (Record no. 116047)
[ view plain ]
| 000 -LEADER | |
|---|---|
| campo de control de longitud fija | 01032nam a2200217 4500 |
| 001 - NÚMERO DE CONTROL | |
| campo de control | 116047 |
| 003 - IDENTIFICADOR DE NÚMERO DE CONTROL | |
| campo de control | ES-MaACL |
| 007 - CAMPO FIJO DE DESCRIPCIÓN FÍSICA--INFORMACIÓN GENERAL | |
| campo de control de longitud fija | t| |
| 008 - DATOS DE LONGITUD FIJA--INFORMACIÓN GENERAL | |
| campo de control de longitud fija | 061121s1975 sp r ||||1| spa d |
| 100 1# - ENTRADA PRINCIPAL--NOMBRE DE PERSONA | |
| Nombre de persona | Paricio Ansuategui, Ignacio. |
| 9 (RLIN) | 89124 |
| 245 10 - MENCIÓN DEL TÍTULO | |
| Título | Estudios de tipología de la vivienda |
| Resto del título | : bloques lineales : información de base : sección de estudios de la vivienda del COACB / |
| Mención de responsabilidad, etc. | realizado por F. Javier Gómez Salegui , bajo la dirección de Ignacio Paricio Ansuategui y con la colaboración de Víctor Gurri. |
| 260 ## - PUBLICACIÓN, DISTRIBUCIÓN, ETC. | |
| Lugar de publicación, distribución, etc. | Barcelona : |
| Nombre del editor, distribuidor, etc. | La Gaya Ciencia, |
| Fecha de publicación, distribución, etc. | 1975. |
| 300 ## - DESCRIPCIÓN FÍSICA | |
| Extensión | 103 p. ; |
| Dimensiones | 31 cm. |
| 490 1# - MENCIÓN DE SERIE | |
| Mención de serie | Publicaciones del Colegio Oficial de Arquitectos de Cataluña y Baleares. Informe |
| 700 1# - ENTRADA AGREGADA--NOMBRE PERSONAL | |
| Nombre de persona | Gómez Salegui, F. Javier. |
| 9 (RLIN) | 58150 |
| 700 1# - ENTRADA AGREGADA--NOMBRE PERSONAL | |
| Nombre de persona | Gurri, Víctor. |
| 9 (RLIN) | 60998 |
| 710 2# - ENTRADA AGREGADA--NOMBRE DE ENTIDAD CORPORATIVA | |
| Nombre de entidad corporativa o nombre de jurisdicción como elemento de entrada | Colegio Oficial de Arquitectos de Cataluña y Baleares. |
| 9 (RLIN) | 2956 |
| 830 0# - PUNTO DE ACCESO ADICIONAL DE SERIE-TÍTULO UNIFORME | |
| Título uniforme | Publicaciones del Colegio Oficial de Arquitectos de Cataluña y Baleares. Informe |
| 9 (RLIN) | 233292 |
| 852 ## - LOCALIZACIÓN | |
| Ubicación | ES-MaACL |
| Número de control de estantería | E-8084 |
| Sublocalización o colección | R.92252 |
| Estatus retirado | Estado de pérdida | Estado de daño | No para préstamo | Biblioteca de origen | Biblioteca actual | Ubicación en estantería | Fecha de adquisición | Fuente de adquisición | Total de préstamos | Signatura topográfica completa | Código de barras | Visto por última vez | Precio de reemplazo | Tipo de ítem Koha |
|---|---|---|---|---|---|---|---|---|---|---|---|---|---|---|
| Biblioteca del Ateneo de Madrid | Biblioteca del Ateneo de Madrid | Depósito 2 | 17/01/2008 | E-8084 | 1121014 | 23/02/2023 | 23/02/2023 | Libro impreso |
